000 00538nam a2200181 a 4500
001 000006231
005 20230331073626.0
008 090827s1992 dr 001 spa d
040 _aDO-SdBNP
082 _axxx
_bH557r
100 _aHernández Rueda, Lupo,
_d1930-2017
_923790
245 1 4 _aLas reformas al código de trabajo / :
_bLupo Hernández Rueda.
260 _aSanto Domingo, :
_bCorripio,
_c1992.
300 _a93 p. ;
_c23 cm.
500 _aIncluye datos biograficos
590 _aDos ejemplares autografíados
049 _aBNPD
999 _c6026
_d6026